00401nam a2200157 a 4500008004100000020001500041050001600056100001900072245004600091250001200137260002800149300002000177350000900197650001400206650002300220081209s2001 ||||||||||||||||| || u a063120069X aGB 54.5 Gou aGoudie, Andrew14aThe nature of the environment. -- 4th ed. a4th ed. aOxfordbBlackwellc2001 axv, 544p.: ill. a0.00 aGEOGRAPHY aPHYSICAL GEOGRAPHY